| 000 | 00931nam a22002417a 4500 | ||
|---|---|---|---|
| 005 | 20240530110909.0 | ||
| 008 | 220214s2003 ua g 000 0 ara d | ||
| 017 |
_bمصر. دار الكتب _a2007/3217 |
||
| 040 |
_aEG-CaGPL _cEG-CaGPL |
||
| 082 | 0 | 4 |
_221 _a327.560561 / _bم ع |
| 110 | 0 | _aمعهد البحوث والدراسات العربية | |
| 245 | 1 | 0 |
_aالعلاقات العربية الايرانية / _cمعهد البحوث والدراسات العربية |
| 250 | _aط. 1 | ||
| 260 |
_aالقاهرة : _bمعهد البحوث والدراسات العربية ، _c1993 |
||
| 300 |
_a438 ؛ _c24 سم |
||
| 650 | 0 | 7 |
_2qrmak _aالعلاقات الثقافية |
| 650 | 0 | 7 |
_2qrmak _aالعلاقات السياسية |
| 650 | 0 | 7 |
_2qrmak _aالدول العربية |
| 651 |
_2qrmak _aمصر |
||
| 651 |
_2qrmak _aايران |
||
| 942 |
_2ddc _cBK |
||
| 999 |
_c66275 _d66275 |
||